00341nam a22001097a 4500020001800000082001500018100002100033245005400054260002900108300001000137650008400147 a9789696374091 a954.91 HAS aHasan Javed,Syed aNational building paradoxes in india and pakistan aKarachibParamountc2018 a208 P aA diplomat's views of systemic and good governance challenges and opportunities